00317nam a22001337a 4500003000400000020001800004082001900022100002200041245005600063260002600119300000800145650002000153653001000173SGT a9781119354994 a616.0707bS22S aSpeight, Paul M.  aShear's Cysts of the Oral and Maxillofacial Regions bWiley Blackwellc2022 a367 aOral Pathology  aCysts